000 01076nam a22002891u 4500
001 05246
003 HDC
007 cr bn ---
008 210119p xx fo d 00 engg
040 _aHDC
100 _aSiti Salwa Md. Sawari,
_eauthor
_91336
245 4 _aTHE IMPACT OF HALAL FOOD ON PHYSICAL AND MENTAL HEALTH /
_cby Siti Salwa Md. Sawari, Nurul Izzah Mustapha Dr. Mohd Al'Ikhsan Ghazali
260 _a[No place] :
_bUniversity Technology Malaysia,
_c[no year]
300 _a13 pages :
_bIllustrations
336 _atext
_2rdacontent
337 _acomputer
_2rdamedia
338 _aonline resource
_2rdacarrier
650 _aHalal food
_950
650 _aHalal Industry
_9144
650 _aMental health
_95478
700 _aDr. Mohd Al'Ikhsan Ghazali
_eauthor
_95480
700 _aNurul Izzah Mustapha
_eauthor
_95479
856 _zRequest full-text at [email protected]
942 _2lcc
942 _cSLIDE
942 _kSLID 000363
999 _c2570
_d2570